| 000 | 00000nas##2200000za#4500 |
| 001 | 9.507073 |
| 003 | CaOODSP |
| 005 | 20200422163324 |
| 007 | cr ||||||||||| |
| 008 | 150406c2007||||xxc|| p o||||f| |0eng|d |
| 040 | |aCaOODSP|beng |
| 043 | |an-cn--- |
| 086 | 1 |aK21-25E-PDF |
| 110 | 2 |aCanada Council for the Arts. |
| 245 | 10|aCanada Council for the Arts - action plan |h[electronic resource] |
| 260 | |aOttawa - Ontario : |bCanada Council for the Arts |
| 310 | |aIrregular |
| 362 | 1 |a2008-11 -- |
| 690 | 07|aArts|2gcpds |
| 690 | 07|aStrategic management|2gcpds |
| 775 | 08|tConseil des Arts du Canada - plan d'action |w(CaOODSP)9.503466 |